Sustainable development : principles, analysis and policies

Αποθηκεύτηκε σε:
Λεπτομέρειες βιβλιογραφικής εγγραφής
Κύριος συγγραφέας: Moffatt, Ian
Μορφή: Βιβλίο
Γλώσσα:English
Δημοσίευση: New York; London : Parthenon, c1996
Θέματα:
Ετικέτες: Προσθήκη ετικέτας
Δεν υπάρχουν, Καταχωρήστε ετικέτα πρώτοι!

MARC

LEADER 00000nam a2200000 i 4500
001 1/14921
008 980512s1996 eng d
020 |a 1-85070-731-6 
035 |l 10019607 
040 |a GR-MY-UA  |b    |e aacr 
041 0 |a eng 
082 0 |a 338.9 
100 1 |a Moffatt, Ian. 
245 1 0 |a Sustainable development :  |b principles, analysis and policies /  |c Ian Moffatt 
260 |a New York; London :   |b Parthenon,   |c c1996 
300 |a 206 σ.  |b πίν., σχέδια 
504 |a Περιλαμβάνει βιβλιογραφικές παραπομπές και ευρετήριο 
650 0 0 |a Sustainable development. 
852 |a INST  |b LESVOS  |e 19980818  |h 338.9 MOF  |p 005100013460  |q 005100013460  |t BK  |y 0 
852 |a INST  |b LESVOS  |e 19980512  |h 338.9 MOF  |p 005100014633  |q 005100014633  |t BK  |y 0 
901 |a BIBL-1998-2 
909 |a Λ  |b 056311 
909 |a Λ  |b 058911 
922 |a 1ΕΛΗ  |b 199805  |c ΚΠΣ/ΤΠ  |d ΠΑΠΑΣΩΤΗΡΙΟΥ 
950 |a 107-1998-03-04 
950 |a 107-1998-05-21